00620nam a2200193Ia 4500003000900000008004100009020001800050040001600068080001600084100001700100245009000117260003400207300001600241500008800257650001400345650002700359650001900386700002100405IN-BaIIA211028s9999 xx 000 0 eng d a3-540-05871-0 cIIA Library a681.14bCHI aChinal, Jean 0aDesign methods for digital systemscJ. Chinal; translated by A. Preston and A. Sumner aBerlinbSpringer-Verlagc1973 axvii, 506p. aTranslation of 'Techniques booléennes et calculateurs artimétiques' from French aComputers aDigital systems design aNASA Thesaurus aPreston, A., tr.